书目信息 |
| 题名: |
清洁生产理论与实践
|
|
| 作者: | 杨再鹏 主编 | |
| 分册: | ||
| 出版信息: | 北京 中国标准出版社 2008 |
|
| 页数: | 15,326页 | |
| 开本: | 26cm | |
| 丛书名: | ||
| 单 册: | ||
| 中图分类: | X38 | |
| 科图分类: | ||
| 主题词: | 无污染技术 | |
| 电子资源: | ||
| ISBN: | 978-7-5066-5085-4 | |
| 000 | 00795nam0 2200229 45 | |
| 001 | 1050950172 | |
| 005 | 20100420101059.77 | |
| 010 | @a978-7-5066-5085-4@dCNY45.00 | |
| 100 | @a20100409d2008 em y0chiy50 ea | |
| 101 | 0 | @achi |
| 102 | @aCN@b110000 | |
| 105 | @ay z 000yy | |
| 106 | @ar | |
| 200 | 1 | @a清洁生产理论与实践@AQing Jie Sheng Chan Li Lun Yu Shi Jian@f杨再鹏主编@FYang Zai Peng Zhu Bian |
| 210 | @a北京@c中国标准出版社@d2008 | |
| 215 | @a15,326页@d26cm | |
| 330 | @a本书主要内容包括末端治理与清洁生产、《中华人民共和国清洁生产促进法》阐释、清洁生产技术、清洁生产评价、清洁生产审核、化学工业与循环经济等。 | |
| 606 | 0 | @a无污染技术 |
| 690 | @aX38@v4 | |
| 701 | 0 | @a杨再鹏@AYang Zai Peng@c(清洁生产)@4主编 |
| 801 | 0 | @aCN@bTANGWEI@c20100420 |
| 905 | @b0592071-74@dX38@e158@f4 | |
| 清洁生产理论与实践/杨再鹏主编.-北京:中国标准出版社,2008 |
| 15,326页;26cm |
| ISBN 978-7-5066-5085-4:CNY45.00 |
| 本书主要内容包括末端治理与清洁生产、《中华人民共和国清洁生产促进法》阐释、清洁生产技术、清洁生产评价、清洁生产审核、化学工业与循环经济等。 |
| ● |
| 相关链接 |
|
|
|
|
正题名:清洁生产理论与实践
索取号:X38/158
 
预约/预借
| 序号 | 登录号 | 条形码 | 馆藏地/架位号 | 状态 | 备注 |
| 1 | 0592071 | 205920716 | 第二样本阅览室/ [索取号:X38/158] | 在馆 | |
| 2 | 0592072 | 205920725 | 第三借阅区/ [索取号:X38/158] | 在馆 | |
| 3 | 0592073 | 205920734 | 第三借阅区/ [索取号:X38/158] | 在馆 | |
| 4 | 0592074 | 205920743 | 第三借阅区/ [索取号:X38/158] | 在馆 |